Word Ladder: It Was Twenty Years Ago Today Quiz Stats

 Plays Quiz Updated Nov 21, 2016

Score 0/77 Timer 09:00
2 Plays Today
Clue 4-Letter Word % Correct
★With A Little ____ From My Friends★★HELP★
95.4%
★Sgt. Pepper's Lonely Hearts ___ Band★★CLUB★
93.1%
★____ in the Sky with Diamonds★★LUCY★
91.7%
★When I'm Sixty-____★FOUR★
90.3%
Basketball targetHOOP
88.4%
★____ Morning ____ Morning★★GOOD★
88.2%
Good fortuneLUCK
87.7%
PennilessPOOR
87.4%
Big pileHEAP
87%
Starring roleLEAD
85.4%
★Sgt. Pepper's Lonely Hearts Club ____ (Reprise)★★BAND★
85.3%
Palindromic ship deckPOOP
85%
Take a quick lookPEEK
84.8%
Plumbing woeLEAK
84.5%
Zeus and Apollo, e.g.GODS
84.1%
Cabbage unitHEAD
84%
3,600 secondsHOUR
83.8%
Onion kinLEEK
83.8%
Do some bartendingPOUR
83.1%
Parka & cobra featureHOOD
83.1%
Like a first-placed ribbonBLUE
83%
Department store founderMACY
82.4%
★A Day In The ____★LIFE★
81.7%
Like the cloth in a doilyLACY
81.4%
Greek pocket breadPITA
80.5%
Cafeteria battle ammunitonFOOD
80.5%
Cherry centersPITS
80.3%
Wrestling moveHOLD
80.1%
This columnCLUE
79.9%
Kiss's 'Rock & Roll All ____'NITE
79.7%
Sticky substancesGOOS
79.7%
Didn't draw a cardHELD
79.5%
Become fuzzyBLUR
79.2%
★Lovely ____★RITA★
78%
Groups of whalesPODS
77.8%
Bic's correction fluid, ____-OutWITE
77.8%
AscendRISE
76.7%
Ceremonial actRITE
76.6%
Lip-puckeringSOUR
76.5%
Clue 4-Letter Word % Correct
★____ing Better★★GETT★
76.1%
Speak indistinctlySLUR
75.9%
Poker winningsPOTS
75.9%
Dictionary commodityWORD
75.9%
Had clothes onWORE
75.7%
Musical symbolNOTE
74.6%
Affectionate FOND
74.2%
Dr. No foeBOND
73.4%
★____in You ____out You★WITH★
73.3%
Spice similar to nutmegMACE
73%
UnderstandsGETS
72.5%
Robin GoodfellowPUCK
72.4%
Finch portrayerPECK
72.2%
Wife or husband, e.g.MATE
71.2%
Unlike Joan's hangersWIRE
70.3%
Kennedy matriarchROSE
69.9%
Amusement park annoyanceLINE
69.7%
Hit the runwayLAND
69%
AnimosityHATE
68.4%
Perot or Geller, e.g.ROSS
66.8%
★She's Leaving ____★HOME★
66.7%
BowlersHATS
65.8%
Angora outputWOOL
65.1%
UnfairFOUL
64.5%
★Fixing A ____★HOLE★
63.7%
Iron alternativeWOOD
63.1%
Mobster's weaponsGATS
62.8%
Strike zoneLANE
62.4%
★Being For The Benefit of Mr. ____★KITE★
62%
Iditarod's finishNOME
61.3%
HornswoggleFOOL
59.5%
____ and kinKITH
58.2%
Fit as a fiddleHALE
56.8%
The end of a scandal?GATE
49.6%
Treaty signed by 23 nations in 1947GATT
49.3%
Antlered animalsROES
34.3%
Clod chopperHOER
32.4%
Martin Van Buren's wife, Hannah HOES
30.9%

Today's Daily Dose

You're not logged in!

Compare scores with friends on all Sporcle quizzes.
OR
Log In

Show Comments

Extras

Top Quizzes Today


Score Distribution

Your Account Isn't Verified!

In order to create a playlist on Sporcle, you need to verify the email address you used during registration. Go to your Sporcle Settings to finish the process.

Report this User

Report this user for behavior that violates our Community Guidelines.

Details: